00843nam a22001937a 450000500170000001000190001702000480003602000480008403500180013203700130015008200110016324500820017426000460025627000560030230000330035850000400039150501990043170000190063020181204111526.0 aENG-120882-883 a9789380077529(vol-1)c200.00 (set of price) a9789380077536(vol-2)c200.00 (set of price) aEN-104814-815 bDBAD/PUB a230.35 aThe spiritual guide :bperspectives & traditions /cedited by Beverty Chapman aNew DelhibRadha Soami Satsang Beasc2017 a5 Gurtu Ravi Dass Marg,Pusa RoadbNew Delhie110005 a2-vols(402;378)p.c23 cm(Hb) aIncludes bibliographical references avol-1-the Hindu Tradition, The Taoist Tradition, The Jewish Tradition, The Graeco-Roman Tradition vol-2 ; the Buddhist Tradition, The Christian Tradition, Thge Sufi Tradition, The Sikh Tradtion  aChaman,Beverly